000 00601nam a2200229Ia 4500
003 OSt
005 20220923230214.0
006 a|||||r|||| 00| 0
007 ta
008 Pun
024 _a278,296
037 _cTextual
040 _aARTS
_cARTS
_bPun
041 _2Pun
_aPun
082 _aO153,1x, J1
100 _aਸਿੰਘ, ਪਿਆਰਾ, ਥਦ.
245 0 _aਚੋਣਵੀਆਂ ਵਾਰਾਂ
260 _c1951
650 _aਪੰਜਾਬੀ ਸਾਹਿਤ
942 _hO153,1x, J1
_cTEXL
_2CC
999 _c383225
_d383225